| 000 | 00843 a2200205 4500 | ||
|---|---|---|---|
| 005 | 20080912145328.0 | ||
| 008 | 080912t xxu||||| |||| 00| 0 eng d | ||
| 010 | _aENG-87752 | ||
| 020 |
_c400.00 _a8188684813 |
||
| 035 | _aEN-71285 | ||
| 037 | _bD.B.Act / Pub | ||
| 082 | _a613.7046 | ||
| 100 | _aArora, Vicky | ||
| 245 |
_aYoga with visually challenged _cby Vicky Arora |
||
| 260 |
_aDelhi _bAcademic Excellence _c2007 |
||
| 270 |
_a42, Ekta Appartments, Geeta Colony _bDelhi _e110031 _k011-22445526, 011-22453953, 09811892244 _minfo@indianacademicpublisher.com |
||
| 300 |
_ax, 127 p. _c22 cm. (Pbk) |
||
| 942 |
_adpl _cEN _k613.7046 / ARO _2ddc _h613.7046 _mARO |
||
| 999 |
_c6877 _d6877 |
||